| 000 | 00607nam a2200193 i 4500 | ||
|---|---|---|---|
| 001 | 128292 | ||
| 003 | ES-MaACL | ||
| 005 | 20230906193226.0 | ||
| 007 | t| | ||
| 008 | 070628s1944 ag ||||1| spa d | ||
| 080 | _a284.5"15/17" | ||
| 100 | 1 |
_aZoff, Otto. _9118324 |
|
| 245 | 1 | 4 |
_aLos hugonotes _b: soldados de la libertad humana / _cOtto Zoff ; [traducción de Eloy Lorenzo Rebora]. |
| 260 |
_aBuenos Aires : _bFuturo, _c[1944] ( _fLa Mundial) |
||
| 300 |
_a278 p. : _bil. ; _c23 cm. |
||
| 650 | 1 | 4 |
_aHugonotes. _913497 |
| 700 | 1 |
_aRebora, Eloy Lorenzo. _995715 |
|
| 852 |
_aES-MaACL _jE-2090 _bR.23028 |
||
| 999 |
_c128292 _d128292 |
||